[Event "DVM U20w 2020"]
[Site "Willingen GER"]
[Date "2021.06.25"]
[Round "4"]
[White "Krömer, Paulina"]
[Black "Margaryan, Susanna"]
[Result "1-0"]
[Termination "normal"]
[Board "5.3"]
[WhiteElo "1539"]
[BlackElo "1468"]
[WhiteClock "00:23:02"]
[BlackClock "00:47:39"]
[WhiteTeam "Erfurter Schachklub"]
[BlackTeam "Elmshorner SC von 1896"]
[PlyCount "91"]
[WhiteFideId "16212363"]
[BlackFideId "16268210"]
[EventCountry "GER"]
[EventRounds "7"]
[EventType "team-swiss"]
[EventDate "2021.06.23"]

1. d4 {[%clk 01:30:57]  [%emt 00:00:03]} 1... Nf6 { [%clk 01:30:55]  [%emt
00:00:05]} 2. Nf3 {[%clk 01:31:24]  [%emt 00:00:03]} 2... e6 {[%clk 01:31:13] 
[%emt 00:00:11]} 3. e3 { [%clk 01:31:43]  [%emt 00:00:12]} 3... d5 {[%clk
01:31:21]  [%emt 00:00:22]} 4. Bd3 {[%clk 01:31:59]  [%emt 00:00:14]} 4... Bd6
{ [%clk 01:31:20]  [%emt 00:00:31]} 5. O-O {[%clk 01:32:10]  [%emt 00:00:20]}
5... O-O {[%clk 01:31:36]  [%emt 00:00:13]} 6. Nbd2 { [%clk 01:32:18]  [%emt
00:00:22]} 6... c5 {[%clk 01:31:32]  [%emt 00:00:35]} 7. b3 {[%clk 01:32:29] 
[%emt 00:00:18]} 7... b6 {[%clk 01:31:06]  [%emt 00:00:55] } 8. Bb2 {[%clk
01:32:16]  [%emt 00:00:44]} 8... Bb7 { [%clk 01:31:06]  [%emt 00:00:29]} 9. c4
{[%clk 01:31:45]  [%emt 00:01:02]} 9... dxc4 {[%clk 01:25:35]  [%emt 00:06:02]}
10. Nxc4 { [%clk 01:30:38]  [%emt 00:01:37]} 10... cxd4 {[%clk 01:22:27]  [%emt
00:03:37]} 11. Nxd6 {[%clk 01:21:01]  [%emt 00:10:07]} 11... Qxd6 { [%clk
01:22:28]  [%emt 00:00:29]} 12. exd4 {[%clk 01:19:32]  [%emt 00:01:59]} 12...
Nbd7 {[%clk 01:18:06]  [%emt 00:04:51]} 13. Qe2 { [%clk 01:17:30]  [%emt
00:02:33]} 13... Nd5 {[%clk 01:12:12]  [%emt 00:06:24]} 14. Bc4 {[%clk
01:07:37]  [%emt 00:10:23]} 14... N7f6 { [%clk 01:07:32]  [%emt 00:05:10]} 15.
Rac1 {[%clk 00:59:04]  [%emt 00:09:03]} 15... a6 {[%clk 01:03:09]  [%emt
00:04:52]} 16. a4 { [%clk 00:53:26]  [%emt 00:06:08]} 16... Rfd8 {[%clk
00:56:44]  [%emt 00:06:55]} 17. h3 {[%clk 00:43:46]  [%emt 00:10:10]} 17... h6
{ [%clk 00:54:46]  [%emt 00:02:29]} 18. Rfe1 {[%clk 00:42:40]  [%emt 00:01:36]}
18... Nf4 {[%clk 00:47:20]  [%emt 00:07:56]} 19. Qd1 { [%clk 00:37:13]  [%emt
00:05:57]} 19... Rac8 {[%clk 00:44:58]  [%emt 00:02:52]} 20. d5 {[%clk
00:22:01]  [%emt 00:15:43]} 20... N4xd5 { [%clk 00:40:57]  [%emt 00:04:30]} 21.
Be5 {[%clk 00:19:14]  [%emt 00:03:17]} 21... Qd7 {[%clk 00:39:24]  [%emt
00:02:03]} 22. Qe2 { [%clk 00:17:16]  [%emt 00:02:29]} 22... a5 {[%clk
00:37:18]  [%emt 00:02:36]} 23. Red1 {[%clk 00:12:33]  [%emt 00:05:13]} 23...
Qe8 { [%clk 00:36:17]  [%emt 00:01:29]} 24. Nd4 {[%clk 00:10:07]  [%emt
00:02:58]} 24... Nd7 {[%clk 00:33:42]  [%emt 00:03:06]} 25. Bd6 { [%clk
00:05:19]  [%emt 00:05:18]} 25... Nb8 {[%clk 00:29:46]  [%emt 00:04:25]} 26.
Bb5 {[%clk 00:04:52]  [%emt 00:00:57]} 26... Bc6 { [%clk 00:26:36]  [%emt
00:03:40]} 27. Nxc6 {[%clk 00:03:29]  [%emt 00:01:52]} 27... Nxc6 {[%clk
00:26:46]  [%emt 00:00:21]} 28. Ba3 { [%clk 00:03:11]  [%emt 00:00:47]} 28...
f6 {[%clk 00:22:43]  [%emt 00:04:32]} 29. Qb2 {[%clk 00:02:03]  [%emt
00:01:39]} 29... Qd7 { [%clk 00:22:02]  [%emt 00:01:12]} 30. Qc2 {[%clk
00:00:49]  [%emt 00:01:44]} 30... Nd4 {[%clk 00:19:26]  [%emt 00:03:06]} 31.
Bxd7 { [%clk 00:01:17]  [%emt 00:00:02]} 31... Rxc2 {[%clk 00:18:18]  [%emt
00:01:38]} 32. Bxe6+ {[%clk 00:01:45]  [%emt 00:00:02]} 32... Nxe6 { [%clk
00:17:46]  [%emt 00:01:02]} 33. Rxc2 {[%clk 00:02:07]  [%emt 00:00:07]} 33...
Rd7 {[%clk 00:17:30]  [%emt 00:00:46]} 34. Rcd2 { [%clk 00:01:13]  [%emt
00:01:24]} 34... Nec7 {[%clk 00:17:29]  [%emt 00:00:31]} 35. Bb2 {[%clk
00:01:34]  [%emt 00:00:09]} 35... Kf7 { [%clk 00:17:24]  [%emt 00:00:35]} 36.
Bd4 {[%clk 00:01:05]  [%emt 00:00:59]} 36... Rd6 {[%clk 00:17:21]  [%emt
00:00:33]} 37. Kf1 { [%clk 00:01:21]  [%emt 00:00:14]} 37... Nb4 {[%clk
00:17:18]  [%emt 00:00:33]} 38. Bc3 {[%clk 00:01:27]  [%emt 00:00:24]} 38...
Rxd2 { [%clk 00:17:11]  [%emt 00:00:36]} 39. Rxd2 {[%clk 00:01:56]} 39... Nbd5
{ [%clk 00:17:20]  [%emt 00:00:21]} 40. Bd4 {[%clk 00:01:44]  [%emt 00:00:42]}
40... Ne6 {[%clk 00:17:35]  [%emt 00:00:16]} 41. Be3 { [%clk 00:00:52]  [%emt
00:01:22]} 41... Nb4 {[%clk 00:17:01]  [%emt 00:01:04]} 42. Bxb6 {[%clk
00:26:59]  [%emt 00:04:24]} 42... Nc6 { [%clk 00:46:59]  [%emt 00:00:32]} 43.
Rd6 {[%clk 00:26:16]  [%emt 00:01:12]} 43... Ne7 {[%clk 00:47:08]  [%emt
00:00:20]} 44. Bxa5 { [%clk 00:25:51]  [%emt 00:00:56]} 44... Nc8 {[%clk
00:47:20]  [%emt 00:00:18]} 45. Rd7+ {[%clk 00:23:49]  [%emt 00:02:33]} 45...
Kg6 { [%clk 00:47:39]  [%emt 00:00:10]} 46. b4 {[%clk 00:23:02]  [%emt
00:01:16]} 1-0

[Event "DVM U20w 2020"]
[Site "Willingen GER"]
[Date "2021.06.25"]
[Round "4"]
[White "Neitzel, Emma"]
[Black "Pflugradt, Natalie"]
[Result "0-1"]
[Termination "normal"]
[Board "5.4"]
[WhiteElo "1029"]
[BlackElo "1539"]
[WhiteClock "00:40:33"]
[BlackClock "00:41:44"]
[WhiteTeam "Elmshorner SC von 1896"]
[BlackTeam "Erfurter Schachklub"]
[PlyCount "62"]
[WhiteFideId "16298373"]
[BlackFideId "16212444"]
[EventCountry "GER"]
[EventRounds "7"]
[EventType "team-swiss"]
[EventDate "2021.06.23"]

1. d4 {[%clk 01:30:58]  [%emt 00:00:02]} 1... Nf6 { [%clk 01:30:52]  [%emt
00:00:08]} 2. c4 {[%clk 01:31:14]  [%emt 00:00:15]} 2... e6 {[%clk 01:31:09] 
[%emt 00:00:13]} 3. Nc3 {[%clk 01:31:18]  [%emt 00:00:26]} 3... Bb4 {[%clk
01:31:17]  [%emt 00:00:22]} 4. Bd2 { [%clk 01:30:54]  [%emt 00:00:53]} 4... b6
{[%clk 01:31:13]  [%emt 00:00:35]} 5. a3 {[%clk 01:29:55]  [%emt 00:01:28]}
5... Bxc3 { [%clk 01:30:15]  [%emt 00:01:28]} 6. Bxc3 {[%clk 01:29:48]  [%emt
00:00:35]} 6... Bb7 {[%clk 01:29:26]  [%emt 00:01:22]} 7. Nf3 { [%clk 01:27:35]
 [%emt 00:02:41]} 7... d6 {[%clk 01:28:20]} 8. e3 { [%clk 01:25:46]  [%emt
00:03:54]} 8... Ne4 {[%clk 01:26:33]} 9. Be2 { [%clk 01:22:43]  [%emt
00:05:51]} 9... O-O {[%emt 00:01:24]} 10. O-O 10... Nd7 {[%clk 01:23:37]  [%emt
00:03:35]} 11. Rc1 {[%clk 01:19:11]  [%emt 00:04:28]} 11... f5 {[%clk 01:20:56]
 [%emt 00:03:13]} 12. d5 { [%clk 01:14:22]  [%emt 00:05:18]} 12... e5 {[%clk
01:16:45]  [%emt 00:04:42]} 13. Bd3 {[%clk 01:11:30]  [%emt 00:03:21]} 13...
Ndf6 { [%clk 01:13:14]  [%emt 00:04:03]} 14. Nd2 {[%clk 01:06:08]  [%emt
00:05:49]} 14... Nxc3 {[%clk 01:06:37]  [%emt 00:07:09]} 15. Rxc3 { [%clk
01:03:10]  [%emt 00:03:27]} 15... e4 {[%clk 01:05:19]  [%emt 00:01:50]} 16. Bc2
{[%clk 01:01:05]  [%emt 00:02:33]} 16... Kh8 { [%clk 01:01:24]  [%emt
00:04:27]} 17. f3 {[%clk 00:58:52]  [%emt 00:02:40]} 17... Qe7 {[%clk 00:55:02]
 [%emt 00:06:54]} 18. b4 { [%clk 00:56:54]  [%emt 00:02:28]} 18... c6 {[%clk
00:53:39]  [%emt 00:01:55]} 19. dxc6 {[%clk 00:55:55]  [%emt 00:01:29]} 19...
Bxc6 { [%clk 00:51:02]  [%emt 00:03:07]} 20. b5 {[%clk 00:55:36]  [%emt
00:00:49]} 20... Bb7 {[%clk 00:49:51]  [%emt 00:01:41]} 21. f4 { [%clk
00:55:02]  [%emt 00:01:01]} 21... Rac8 {[%clk 00:49:24]  [%emt 00:00:59]} 22.
Qa1 {[%clk 00:50:43]  [%emt 00:04:47]} 22... d5 { [%clk 00:47:26]  [%emt
00:02:31]} 23. Rc1 {[%clk 00:49:37]  [%emt 00:01:31]} 23... dxc4 {[%clk
00:46:46]  [%emt 00:01:15]} 24. Rxc4 { [%clk 00:49:33]  [%emt 00:00:33]} 24...
Nd5 {[%clk 00:45:27]  [%emt 00:01:50]} 25. Rxc8 {[%clk 00:45:40]  [%emt
00:04:22]} 25... Rxc8 { [%clk 00:45:39]  [%emt 00:00:18]} 26. Nf1 {[%clk
00:44:50]  [%emt 00:01:17]} 26... Qc5 {[%clk 00:43:31]  [%emt 00:02:39]} 27.
Qb2 { [%clk 00:44:08]  [%emt 00:01:10]} 27... Nxe3 {[%clk 00:42:39]  [%emt
00:01:26]} 28. Nxe3 {[%clk 00:43:24]  [%emt 00:01:11]} 28... Qxe3+ { [%clk
00:43:05]  [%emt 00:00:06]} 29. Kh1 {[%clk 00:43:11]  [%emt 00:00:42]} 29...
Rd8 {[%clk 00:41:34]  [%emt 00:02:03]} 30. Rd1 { [%clk 00:40:43]  [%emt
00:02:54]} 30... Rxd1+ {[%clk 00:41:44]  [%emt 00:00:24] } 31. Bxd1 {[%clk
00:40:33]  [%emt 00:00:39]} 31... Qe1# {[%emt 00:00:05]} 0-1

[Event "DVM U20w 2020"]
[Site "Willingen GER"]
[Date "2021.06.25"]
[Round "4"]
[White "Mundt, Alexandra"]
[Black "de Veer, Mara"]
[Result "1-0"]
[Termination "normal"]
[Board "6.1"]
[WhiteElo "1768"]
[BlackElo "1445"]
[WhiteTeam "SK Doppelbauer Kiel"]
[BlackTeam "SC Borussia Lichtenberg 2"]
[PlyCount "83"]
[WhiteFideId "16217276"]
[BlackFideId "16217349"]
[EventCountry "GER"]
[EventRounds "7"]
[EventType "team-swiss"]
[EventDate "2021.06.23"]

1. e4 c6 2. d4 d5 3. Nc3 dxe4 4. Nxe4 Bf5 5. Ng3 Bg6 6. h4 h6 7. Nf3 Nf6 8. h5
Bh7 9. Bd3 e6 10. Ne5 Qe7 11. c3 Nbd7 12. f4 Bxd3 13. Qxd3 Nxe5 14. fxe5 Nd7
15. Ne4 O-O-O 16. Bf4 f6 17. Nd6+ Kb8 18. exf6 Qxf6 19. Nxb7+ Kxb7 20. O-O Qe7
21. Qc4 Nb6 22. Qb3 Qd7 23. Be5 Qd5 24. Rf7+ Rd7 25. c4 Qxc4 26. Rxd7+ Kc8 27.
Rc7+ Kd8 28. Qxc4 Nxc4 29. Rxa7 Nxe5 30. a4 Nd7 31. a5 c5 32. a6 cxd4 33. Rb7
d3 34. b4 d2 35. a7 Bc5+ 36. bxc5 Ke7 37. c6 Kd6 38. Rxd7+ Kxc6 39. Rxd2 Ra8
40. Rc1+ Kb5 41. Rb2+ Ka4 42. Ra1# 1-0

[Event "DVM U20w 2020"]
[Site "Willingen GER"]
[Date "2021.06.25"]
[Round "4"]
[White "Kampa, Lavinia"]
[Black "Rempe, Mieke"]
[Result "1/2-1/2"]
[Termination "normal"]
[Board "6.2"]
[WhiteElo "1436"]
[BlackElo "1669"]
[WhiteTeam "SC Borussia Lichtenberg 2"]
[BlackTeam "SK Doppelbauer Kiel"]
[PlyCount "63"]
[WhiteFideId "34606068"]
[BlackFideId "16202384"]
[EventCountry "GER"]
[EventRounds "7"]
[EventType "team-swiss"]
[EventDate "2021.06.23"]

1. e4 c6 2. d4 d5 3. exd5 cxd5 4. Bd3 Nf6 5. Bf4 e6 6. Nf3 Bd6 7. Bxd6 Qxd6 8.
Nc3 O-O 9. Qe2 a6 10. O-O-O Nc6 11. Ne5 Qb4 12. a3 Qb6 13. h4 Nxd4 14. Qe3 Nb3+
15. cxb3 d4 16. Bxh7+ Nxh7 17. Rxd4 Qc7 18. g4 b5 19. g5 a5 20. h5 b4 21. g6
bxc3 22. gxh7+ Kxh7 23. bxc3 Qb7 24. Rg1 Qxb3 25. Rxg7+ Kxg7 26. Rg4+ Kh7 27.
Qg5 Qxc3+ 28. Kd1 Qb3+ 29. Kd2 Qb2+ 30. Ke1 Qa1+ 31. Kd2 Qb2+ 32. Ke1 1/2-1/2

[Event "DVM U20w 2020"]
[Site "Willingen GER"]
[Date "2021.06.25"]
[Round "4"]
[White "Rempe, Janne"]
[Black "Kessen, Fanny"]
[Result "1-0"]
[Termination "normal"]
[Board "6.3"]
[WhiteElo "1513"]
[BlackElo "1274"]
[WhiteTeam "SK Doppelbauer Kiel"]
[BlackTeam "SC Borussia Lichtenberg 2"]
[PlyCount "45"]
[WhiteFideId "16202392"]
[BlackFideId "16217357"]
[EventCountry "GER"]
[EventRounds "7"]
[EventType "team-swiss"]
[EventDate "2021.06.23"]

1. d4 d5 2. Nf3 e6 3. Bf4 Nf6 4. e3 Be7 5. c3 c5 6. Nbd2 O-O 7. h4 Nc6 8. h5 h6
9. Ne5 Nxe5 10. dxe5 Nh7 11. Bd3 Re8 12. Qc2 Nf8 13. Qd1 d4 14. Ne4 dxe3 15.
fxe3 Nh7 16. Qg4 Qxd3 17. Bxh6 Bf8 18. Rd1 Qb5 19. Bxg7 Bd7 20. Bf6+ Ng5 21. h6
Be7 22. h7+ Kf8 23. h8=Q# 1-0

[Event "DVM U20w 2020"]
[Site "Willingen GER"]
[Date "2021.06.25"]
[Round "4"]
[White "Ludwig, Lea"]
[Black "Malinowsky, Celina"]
[Result "0-1"]
[Termination "normal"]
[Board "6.4"]
[WhiteElo "1222"]
[BlackElo "1372"]
[WhiteTeam "SC Borussia Lichtenberg 2"]
[BlackTeam "SK Doppelbauer Kiel"]
[PlyCount "57"]
[WhiteFideId "16217381"]
[BlackFideId "16266986"]
[EventCountry "GER"]
[EventRounds "7"]
[EventType "team-swiss"]
[EventDate "2021.06.23"]

1. d4 d5 2. e3 Nf6 3. Nf3 Bf5 4. c4 e6 5. Be2 Nbd7 6. O-O Be7 7. Nc3 c6 8. b3
O-O 9. Bb2 Re8 10. Rc1 Nf8 11. Ne5 Ng6 12. f4 Nxe5 13. dxe5 Ne4 14. Bf3 Qb6 15.
Qe2 Nc5 16. Qd2 Nd3 17. Rb1 Nxf4 18. Rbd1 Bc5 19. Bc1 Nd3 20. Kh1 Nxc1 21. Qxc1
Bxe3 22. Qb2 dxc4 23. Rfe1 Bd4 24. Be2 Bxc3 25. Qxc3 cxb3 26. Qxb3 Qxb3 27.
axb3 Red8 28. Bc4 Kf8 29. Rxd8+ 0-1

[Event "DVM U20w 2020"]
[Site "Willingen GER"]
[Date "2021.06.25"]
[Round "4"]
[White "Ulrich, Helena Irene"]
[Black "Stelter, Finja"]
[Result "1-0"]
[Termination "normal"]
[Board "7.1"]
[WhiteElo "1586"]
[BlackElo "1133"]
[WhiteTeam "SC Borussia Lichtenberg 1"]
[BlackTeam "SK Lehrte von 1919 e. V."]
[PlyCount "53"]
[WhiteFideId "16256000"]
[BlackFideId "16298624"]
[EventCountry "GER"]
[EventRounds "7"]
[EventType "team-swiss"]
[EventDate "2021.06.23"]

1. e4 c5 2. Nf3 Nc6 3. d4 cxd4 4. Nxd4 g6 5. c4 Bg7 6. Be3 Nf6 7. Nc3 O-O 8.
Be2 d6 9. O-O Nxd4 10. Bxd4 Be6 11. Qd2 Nd7 12. Be3 a5 13. b3 Nc5 14. f3 Qb6
15. Rab1 Qb4 16. Nd5 Bxd5 17. Qxd5 Rfd8 18. Rfd1 Qb6 19. a3 Qc6 20. Rdc1 Qxd5
21. cxd5 Rdc8 22. Rc2 a4 23. bxa4 Rxa4 24. Rxb7 Nxb7 25. Rxc8+ Bf8 26. Bh6 Rxa3
27. Rxf8# 1-0

[Event "DVM U20w 2020"]
[Site "Willingen GER"]
[Date "2021.06.25"]
[Round "4"]
[White "Thiele, Lea-Marie"]
[Black "Relógio Stauber, Anna"]
[Result "0-1"]
[Termination "normal"]
[Board "7.2"]
[WhiteElo "1263"]
[BlackElo "1229"]
[WhiteTeam "SK Lehrte von 1919 e. V."]
[BlackTeam "SC Borussia Lichtenberg 1"]
[PlyCount "96"]
[WhiteFideId "16298616"]
[BlackFideId "16255771"]
[EventCountry "GER"]
[EventRounds "7"]
[EventType "team-swiss"]
[EventDate "2021.06.23"]

1. d4 d5 2. c4 c6 3. Nc3 Bf5 4. e3 e6 5. Nf3 Nf6 6. cxd5 exd5 7. Bd3 Bxd3 8.
Qxd3 Bd6 9. Rb1 O-O 10. b4 Nbd7 11. b5 c5 12. Ba3 c4 13. Qf5 Bxa3 14. Nxd5 Nxd5
15. Qxd5 Qc7 16. Nd2 c3 17. Nc4 c2 18. O-O cxb1=Q 19. Rxb1 Nb6 20. Nxb6 Qxb6
21. h4 Rac8 22. Rb3 Be7 23. g3 Rc1+ 24. Kh2 Rc2 25. Kg1 Rxa2 26. Rb1 Ra5 27.
Qe4 Bf6 28. Qd3 a6 29. bxa6 Qxa6 30. Qxa6 bxa6 31. f4 Re8 32. h5 Rxh5 33. Kg2
g6 34. Kf3 a5 35. Kf2 a4 36. g4 Rh3 37. Re1 a3 38. e4 Bxd4+ 39. Kg2 Re3 40. Rb1
a2 41. Rh1 a1=Q 42. Rxa1 Bxa1 43. e5 Rc8 44. Kf2 Rb3 45. Ke2 Rc2+ 46. Kd1 Rh2
47. Kc1 Rg3 48. Kb1 Rg1# 0-1

[Event "DVM U20w 2020"]
[Site "Willingen GER"]
[Date "2021.06.25"]
[Round "4"]
[White "Hafermann, Lara"]
[Black "Daoud, Shahnaz"]
[Result "1-0"]
[Termination "normal"]
[Board "7.3"]
[WhiteElo "1323"]
[BlackElo "1145"]
[WhiteTeam "SC Borussia Lichtenberg 1"]
[BlackTeam "SK Lehrte von 1919 e. V."]
[PlyCount "75"]
[WhiteFideId "16298306"]
[BlackFideId "16297750"]
[EventCountry "GER"]
[EventRounds "7"]
[EventType "team-swiss"]
[EventDate "2021.06.23"]

1. Nf3 d5 2. c4 Nf6 3. b3 c6 4. Bb2 Bf5 5. g3 Nbd7 6. Bg2 Qc7 7. d4 e6 8. Nbd2
Be7 9. O-O O-O 10. Nh4 g6 11. Nxf5 gxf5 12. f3 Kh8 13. e4 f4 14. e5 Nh5 15. g4
Ng7 16. Nb1 f5 17. Bc1 fxg4 18. fxg4 Bg5 19. Nc3 Rf7 20. Rf3 Raf8 21. Qf1 Qd8
22. Ne2 h5 23. h3 hxg4 24. hxg4 Kg8 25. Bd2 dxc4 26. bxc4 c5 27. Bc3 cxd4 28.
Bxd4 Bh6 29. Re1 Qc7 30. Nc3 Nb6 31. c5 Nd5 32. Nxd5 exd5 33. Qd3 Bg5 34. Rh3
Ne6 35. Qg6+ Rg7 36. Qxe6+ Qf7 37. Bxd5 Qxe6 38. Bxe6+ 1-0

[Event "DVM U20w 2020"]
[Site "Willingen GER"]
[Date "2021.06.26"]
[Round "5"]
[White "Arnhold, Steffi"]
[Black "Dietz, Kristin"]
[Result "1-0"]
[Termination "normal"]
[Board "1.1"]
[WhiteElo "2031"]
[BlackElo "1911"]
[WhiteClock "00:03:35"]
[BlackClock "00:24:29"]
[WhiteTeam "SC Bavaria Regensburg von 1881 e.V."]
[BlackTeam "USV Halle"]
[PlyCount "81"]
[WhiteFideId "12931365"]
[BlackFideId "12993743"]
[EventCountry "GER"]
[EventRounds "7"]
[EventType "team-swiss"]
[EventDate "2021.06.23"]

1. e4 {[%clk 01:30:57]} {[%emt 00:00:03]} c5 {[%clk 01:30:55]} {[%emt
00:00:04]} 2. Nf3 {[%clk 01:31:20]} {[%emt 00:00:07]} e6 {[%clk 01:31:21]}
{[%emt 00:00:05]} 3. d4 {[%clk 01:31:42]} {[%emt 00:00:08]} cxd4 {[%clk
01:31:46]} {[%emt 00:00:04]} 4. Nxd4 {[%clk 01:32:08]} {[%emt 00:00:04]} a6
{[%clk 01:32:11]} {[%emt 00:00:06]} 5. Bd3 {[%clk 01:32:28]} {[%emt 00:00:10]}
Nf6 {[%clk 01:32:23]} {[%emt 00:00:18]} 6. Nc3 {[%clk 01:32:29]} {[%emt
00:00:29]} Qc7 {[%clk 01:32:41]} {[%emt 00:00:12]} 7. O-O {[%clk 01:32:45]}
{[%emt 00:00:15]} d6 {[%clk 01:32:58]} {[%emt 00:00:13]} 8. f4 {[%clk
01:32:05]} {[%emt 00:01:09]} b5 {[%clk 01:33:03]} {[%emt 00:00:25]} 9. a3
{[%clk 01:32:18]} {[%emt 00:00:17]} Bb7 {[%clk 01:33:26]} {[%emt 00:00:08]} 10.
Kh1 {[%clk 01:32:03]} {[%emt 00:00:44]} Nbd7 {[%clk 01:33:25]} {[%emt
00:00:32]} 11. Bd2 {[%clk 01:31:25]} {[%emt 00:01:07]} Be7 {[%clk 01:33:12]}
{[%emt 00:00:43]} 12. Qf3 {[%clk 01:30:29]} {[%emt 00:01:26]} Nc5 {[%clk
01:32:09]} {[%emt 00:01:33]} 13. Rae1 {[%clk 01:30:31]} {[%emt 00:00:28]} O-O
{[%clk 01:30:48]} {[%emt 00:01:50]} 14. Qh3 {[%clk 01:27:25]} {[%emt 00:03:37]}
Nxd3 {[%clk 01:30:29]} {[%emt 00:00:49]} 15. cxd3 {[%clk 01:27:48]} {[%emt
00:00:07]} Rad8 {[%clk 01:28:11]} {[%emt 00:02:49]} 16. Rf3 {[%clk 01:20:55]}
{[%emt 00:07:23]} Rfe8 {[%clk 01:25:55]} {[%emt 00:02:45]} 17. Rg3 {[%clk
01:16:16]} {[%emt 00:05:09]} Qc5 {[%clk 01:10:26]} {[%emt 00:15:59]} 18. f5
{[%clk 00:50:32]} {[%emt 00:26:14]} e5 {[%clk 01:05:17]} {[%emt 00:05:39]} 19.
Bh6 {[%clk 00:32:13]} {[%emt 00:18:49]} g6 {[%clk 01:01:41]} {[%emt 00:04:06]}
20. fxg6 {[%clk 00:31:14]} {[%emt 00:01:29]} hxg6 {[%emt 00:00:07]} 21. Nf5
{[%clk 00:23:38]} {[%emt 00:08:05]} Qf2 {[%clk 00:56:52]} {[%emt 00:05:43]} 22.
Rg1 {[%clk 00:23:34]} {[%emt 00:00:34]} Nh5 {[%clk 00:54:28]} {[%emt 00:02:53]}
23. Rg4 {[%clk 00:18:57]} {[%emt 00:05:09]} Kh7 {[%clk 00:39:38]} {[%emt
00:15:20]} 24. Be3 {[%clk 00:11:44]} {[%emt 00:07:43]} Qxb2 {[%clk 00:39:19]}
{[%emt 00:00:49]} 25. Nd1 {[%clk 00:07:22]} {[%emt 00:04:52]} Qxa3 {[%clk
00:39:09]} {[%emt 00:00:39]} 26. Ng3 {[%clk 00:07:25]} {[%emt 00:00:27]} Bc8
{[%clk 00:38:30]} {[%emt 00:01:09]} 27. Nxh5 {[%clk 00:06:42]} {[%emt
00:01:14]} Kg8 {[%clk 00:37:12]} {[%emt 00:01:48]} 28. Rf1 {[%clk 00:03:04]}
{[%emt 00:04:07]} Bxg4 {[%clk 00:37:23]} {[%emt 00:00:19]} 29. Qxg4 {[%clk
00:03:28]} {[%emt 00:00:07]} Qxd3 {[%clk 00:36:15]} {[%emt 00:01:37]} 30. Qf3
{[%clk 00:03:52]} {[%emt 00:00:06]} Qc4 {[%clk 00:36:12]} {[%emt 00:00:31]} 31.
Bh6 {[%clk 00:02:40]} {[%emt 00:01:45]} Kh7 {[%clk 00:34:18]} {[%emt 00:02:23]}
32. Nf6+ {[%clk 00:02:58]} {[%emt 00:00:12]} Bxf6 {[%clk 00:33:11]} {[%emt
00:01:37]} 33. Qxf6 {[%clk 00:03:21]} {[%emt 00:00:07]} Rg8 {[%clk 00:33:22]}
{[%emt 00:00:20]} 34. Rf3 {[%clk 00:02:31]} {[%emt 00:01:20]} Qe6 {[%clk
00:30:30]} {[%emt 00:03:21]} 35. Qh4 {[%clk 00:02:53]} {[%emt 00:00:08]} Rh8
{[%clk 00:26:15]} {[%emt 00:04:45]} 36. Bf8+ {[%clk 00:02:36]} {[%emt
00:00:47]} Kg8 {[%clk 00:26:40]} {[%emt 00:00:05]} 37. Qxd8 {[%clk 00:03:00]}
{[%emt 00:00:07]} Rh5 {[%clk 00:24:07]} {[%emt 00:03:02]} 38. Be7+ {[%clk
00:03:12]} {[%emt 00:00:18]} Kh7 {[%clk 00:24:23]} {[%emt 00:00:13]} 39. Qf8
{[%clk 00:03:19]} {[%emt 00:00:23]} f5 {[%clk 00:24:09]} {[%emt 00:00:45]} 40.
exf5 {[%clk 00:03:35]} {[%emt 00:00:14]} gxf5 {[%clk 00:24:29]} {[%emt
00:00:09]} 41. Rg3 {[%emt 00:01:35]} 1-0

[Event "DVM U20w 2020"]
[Site "Willingen GER"]
[Date "2021.06.26"]
[Round "5"]
[White "Pohle, Saskia"]
[Black "Bardorz, Jana"]
[Result "1-0"]
[Termination "normal"]
[Board "1.2"]
[WhiteElo "1815"]
[BlackElo "1939"]
[WhiteClock "00:24:34"]
[BlackClock "00:07:33"]
[WhiteTeam "USV Halle"]
[BlackTeam "SC Bavaria Regensburg von 1881 e.V."]
[PlyCount "77"]
[WhiteFideId "16201604"]
[BlackFideId "16208897"]
[EventCountry "GER"]
[EventRounds "7"]
[EventType "team-swiss"]
[EventDate "2021.06.23"]

1. e4 e5 {[%emt 0:00:10]} 2. Nf3 {[%emt 0:00:04]} Nc6 {[%emt 0:00:08]} 3. Bb5 {
[%emt 0:00:03]} a6 {[%emt 0:00:07]} 4. Ba4 {[%emt 0:00:04]} Nf6 {[%emt 0:00:12]
} 5. O-O {[%emt 0:00:06]} b5 {[%emt 0:00:38]} 6. Bb3 {[%emt 0:00:04]} Bc5 {
[%emt 0:00:05]} 7. c3 {[%emt 0:00:06]} d6 {[%emt 0:00:20]} 8. d4 {[%emt 0:00:
06]} Bb6 {[%emt 0:00:27]} 9. a4 {[%emt 0:00:05]} Rb8 {[%emt 0:08:45]} 10. axb5
{[%emt 0:00:26]} axb5 {[%emt 0:00:05]} 11. Na3 {[%emt 0:00:27]} Bg4 {[%emt 0:
01:42]} 12. Nxb5 {[%emt 0:02:07]} Bxf3 {[%emt 0:04:28]} 13. gxf3 {[%emt 0:00:
26]} Nh5 {[%emt 0:10:49]} 14. f4 {[%emt 0:02:30]} Nxf4 {[%emt 0:06:32]} 15.
Bxf4 {[%emt 0:00:08]} exf4 {[%emt 0:00:08]} 16. Qg4 {[%emt 0:01:17]} Qf6 {
[%emt 0:02:19]} 17. Bc2 {[%emt 0:01:20]} h5 {[%emt 0:04:04]} 18. Qf3 {[%emt 0:
00:31]} g5 {[%emt 0:10:22]} 19. Ba4 {[%emt 0:07:25]} Kf8 {[%emt 0:06:45]} 20.
Nxc7 {[%emt 0:20:00]} Nxd4 {[%emt 0:03:18]} 21. cxd4 {[%emt 0:00:10]} Bxc7 {
[%emt 0:00:12]} 22. Qc3 {[%emt 0:01:17]} Bb6 {[%emt 0:02:31]} 23. e5 {[%emt 0:
04:54]} dxe5 {[%emt 0:02:33]} 24. dxe5 {[%emt 0:02:04]} Qe6 {[%emt 0:01:35]}
25. Bc6 {[%emt 0:06:03]} g4 {[%emt 0:05:06]} 26. Ra6 {[%emt 0:07:13]} Kg7 {
[%emt 0:04:52]} 27. Ra4 {[%emt 0:04:20]} Rbc8 {[%emt 0:02:55]} 28. Rc4 { [%emt
0:00:37]} Rh6 {[%emt 0:01:18]} 29. Bd5 {[%emt 0:02:47]} Rxc4 {[%emt 0:00: 40]}
30. Bxc4 {[%emt 0:00:15]} Qg6 {[%emt 0:02:57]} 31. e6+ {[%emt 0:02:42]} f6
{[%emt 0:00:58]} 32. Qb4 {[%emt 0:03:44]} Bxf2+ {[%emt 0:09:00]} 33. Rxf2 {
[%emt 0:00:35]} g3 {[%emt 0:00:09]} 34. hxg3 {[%emt 0:07:08]} fxg3 {[%emt 0:00:
23]} 35. Qe7+ {[%emt 0:00:36]} Kg8 {[%emt 0:04:00]} 36. Qf7+ {[%emt 0:00:40]}
Kh8 {[%emt 0:01:05]} 37. Qxg6 {[%emt 0:02:54]} gxf2+ {[%emt 0:00:14]} 38. Kxf2
{[%emt 0:00:05]} Rxg6 {[%emt 0:00:06]} 39. e7 {[%emt 0:00:06] normal} 1-0